El libro de las familias (Record no. 157709)

MARC details
000 -LEADER
campo de control de longitud fija 00839nam a2200181 i 4500
001 - NÚMERO DE CONTROL
campo de control 157709
003 - IDENTIFICADOR DE NÚMERO DE CONTROL
campo de control ES-MaACL
005 - FECHA Y HORA DE LA ÚLTIMA TRANSACCIÓN
campo de control 20230906210822.0
008 - DATOS DE LONGITUD FIJA--INFORMACIÓN GENERAL
campo de control de longitud fija 010313s1871 sp f |||| | spa d
040 ## - FUENTE DE CATALOGACIÓN
Centro catalogador/agencia de origen CCPB | B
Lengua de catalogación spa
Centro/agencia transcriptor CCPB | B
245 03 - MENCIÓN DEL TÍTULO
Título El libro de las familias
Resto del título : novísimo manual práctico de cocina española, francesa y americana, higiene y economía doméstica : contiene más de dos mil formulas de ejecución sencilla y fácil.
250 ## - MENCION DE EDICION
Mención de edición 14ª ed. revista, corr. y aum. con La llave de la vida.
260 ## - PUBLICACIÓN, DISTRIBUCIÓN, ETC.
Lugar de publicación, distribución, etc. Madrid :
Nombre del editor, distribuidor, etc. librería de Leocadio López, editor,
Fecha de publicación, distribución, etc. 1871 (
Fabricante imp. de M. Rivadeneyra)
300 ## - DESCRIPCIÓN FÍSICA
Extensión VII, 733 p., [1] h. de grab. pleg. ;
Dimensiones 17 cm.
599 ## - NOTA A LAS ILUSTRACIONES
NOTA A LAS ILUSTRACIONES La h. de grab. pleg. es de animales.
650 #4 - PUNTO DE ACCESO ADICIONAL DE MATERIA--TÉRMINO DE MATERIA
Término de materia o nombre geográfico como elemento de entrada Cocina-
Subdivisión de forma Recetas.
9 (RLIN) 11127
852 ## - LOCALIZACIÓN
Ubicación ES-MaACL
Número de control de estantería D-2217
Nota libre -- Enc. hol.
-- -- Legado M. de la Fuente
Holdings
Estatus retirado Estado de pérdida Estado de daño No para préstamo Colección Biblioteca de origen Biblioteca actual Ubicación en estantería Fecha de adquisición Fuente de adquisición Total de préstamos Signatura topográfica completa Código de barras Visto por última vez Precio de reemplazo Tipo de ítem Koha
        Libros del s. XIX Biblioteca del Ateneo de Madrid Biblioteca del Ateneo de Madrid Sala Valle Inclán 17/01/2008     D-2217 901165040 23/02/2023 23/02/2023 Libro impreso antiguo